000 00472nam a2200181Ia 4500
001 9580
005 20260306161729.0
008 260306t2010||||xx |||||||||||||| ||spa||
041 _aESP
082 _a382.1
_bN38
100 _aNelson, Carl A.
_eAUT
245 0 _aManual de importaciones y exportaciones:
_bcómo llevar su negocio a otros mercados
260 _c2010
300 _a398 páginas :
_c23 cm.
650 _aGEN
654 _aCAN
942 _cLIB
_dJUS
_fJUS
_2ddc
_n
999 _c9580
_d9580